Представление документа в формате RUSMARC

ПолеНазваниеЗначение
  Тип записи a
  Библиографический уровень m
001 Контрольный номер UONB/MAIN/3637918a70bb4ca1a5a458a9e9c30e9b
005 Дата корректировки 20260429164813.5
010 Индекс ISBN __
d Цена 1 р. 70 к.
9 Тираж 30000 экз.
b Уточнения в пер.
100 Данные общей обработки __
a Данные общей обработки 20260429d1982 u y0rusy0189 ca
101 Язык документа 0_
a Язык текста rus
102 Страна публикации __
a Страна публикации RU
105 Кодированные данные (монография) __
a Кодированные данные (монография) a z 000yy
200 Заглавие и сведения об ответственности 1_
a Заглавие Справочник по фотографии
f Первые сведения об ответственности М. М. Шахрова, Н. Г. Грезина
203 Вид содержания и тип средства __
a Вид содержания Текст
b Характеристика содержания визуальный
c Тип средства непосредственный
210 Выходные данные 1_
a Место издания Киев
c Издательство Вища шк.
d Дата издания 1982
215 Физическое описание __
a Объем 271 с.
c Иллюстрации/тип воспроизводства ил.
606 Тематические рубрики 0_
a Основная рубрика Фотография
j Формальный подзаголовок Справочники
610 Ключевые слова 0_
a Ключевые слова фотография; справочники по фотографии
675 Индекс УДК __
a Индекс УДК 6П9.72
700 Автор _1
a Фамилия Шахрова
b Имя (инициалы) М. М.
g Полное личное имя Мария Михайловна
701 Альтернативная интеллектуальная ответственность _1
a Фамилия Грезина
b Имя (инициалы) Н. Г.
801 Источник записи _0
a Страна RU
b Организация Ульяновская ОНБ
c Дата составления 20260429
g Правила каталогизации RCR
801 Источник записи _1
a Страна RU
b Организация Ульяновская ОНБ
c Дата составления 20260429
g Правила каталогизации RCR
901 Тип документа __
t Тип документа m
909 Создатель записи __
a Создатель записи Редникина
b Дата создания записи 20260429